| 000 | 00525nam a22001817a 4500 | ||
|---|---|---|---|
| 005 | 20160909161856.0 | ||
| 010 | _aENG-115987 | ||
| 020 |
_a9789381384619 _c96.00 |
||
| 035 | _aEN-99519 | ||
| 037 | _bDBAD/PUB | ||
| 082 | _a616.970 | ||
| 100 | _aSethi,A.K. | ||
| 245 |
_aCombating allergy naturally / _cby A.K. Sethi |
||
| 260 |
_aNew Delhi _bV&S Publishers _c2011 |
||
| 270 |
_aF-2/16,Ansari Road,Daryaganj _bNew Delhi _e110002 |
||
| 300 |
_a119p. : _c22cm (pbk) _bill |
||
| 942 |
_2ddc _cEN _h616.970 _mSET |
||
| 999 |
_c103237 _d103237 |
||